|
|
|
|
| LEADER |
00000nab a2200000 a 4500 |
| 001 |
vtls008160862 |
| 003 |
SK-MaSNL |
| 005 |
20260304134700.0 |
| 008 |
250505c2005 xo zr|p|||||||000 b|slo |
| 015 |
|
|
|a SNBRB2005/06
|2 snkbucl
|
| 035 |
|
|
|a (uuid)b3a47d75-6447-4d66-b035-877e0ecf79de
|
| 035 |
|
|
|a urn:nbn:sk:snk-abbyx6
|
| 035 |
|
|
|a (urnnbn)urn:nbn:sk:snk:ar-a09ve2
|
| 038 |
|
|
|a SNKBUCL
|
| 040 |
|
|
|a SNKBUCL
|b slo
|c SNKBUCL
|e AACR2
|
| 041 |
0 |
|
|a cze
|b eng
|
| 044 |
|
|
|a xo
|c SK
|
| 080 |
|
|
|a 629.3.027.3:534.1
|2 1997
|
| 080 |
|
|
|a 629.3.027.1
|2 1997
|
| 080 |
|
|
|a 534.1
|2 1997
|
| 100 |
1 |
|
|a Čech, Ilja
|4 aut
|9 1181522
|
| 245 |
1 |
0 |
|a Vypružení vozidla s tuhou nápravou
|c Ilja Čech
|
| 246 |
3 |
1 |
|a Suspension system of a rigid axle vehicle
|
| 300 |
|
|
|b Grafy, sch., tab
|
| 504 |
|
|
|a Bibliogr. odkazy
|
| 546 |
|
|
|a Res. angl.
|
| 650 |
0 |
7 |
|a automobily
|2 snkbucl
|9 18879
|
| 650 |
0 |
7 |
|a vypruženie
|2 snkbucl
|9 1181523
|
| 650 |
0 |
7 |
|a tuhé nápravy
|2 snkbucl
|9 1452944
|
| 650 |
0 |
7 |
|a lineárne modely
|2 snkbucl
|9 722507
|
| 773 |
0 |
|
|t Strojnícky časopis = Journal of mechanical engineering
|g Roč. 56, č. 2 (2005), s. 122-136
|x 0039-2472
|
| 850 |
|
|
|a Slovenská národná knižnica
|
| 852 |
|
|
|a Slovenská národná knižnica
|
| 958 |
|
|
|a article15
|
| 958 |
|
|
|a OND
|
| 958 |
|
|
|a NB
|
| 958 |
|
|
|a EUIPO
|
| 999 |
|
|
|c 2907697
|d 2909627
|